[Event "II Miedzynarodowy Festiwal Szachowy Kaszëbë Ôpen - Grupa A (FIDE > 1800)"]
[Site "Hala Sportowa Zespolu Szkol w Lipuszu, ul. Derdowskiego 7a"]
[Date "1899-12-30"]
[Round "6.3"]
[White "Cap, Piotr"]
[Black "Sobolewski, Piotr"]
[Result "1-0"]
[WhiteTitle "I++"]
[BlackTitle "k"]
[WhiteElo "2039"]
[BlackElo "1959"]

1. d4 e6 2. c4 f5 3. Nf3 Nf6 4. g3 Be7 5. Bg2 O-O 6. O-O Ne4 7. Nfd2 Nxd2 8. Nxd2
Bf6 9. Nf3 d5 10. Qc2 Nc6 11. Rd1 a5 12. a3 a4 13. Bf4 g5 14. Be5 Bd7 15. Rac1
Be8 16. Qc3 g4 17. Bxf6 Qxf6 18. Ne5 Rd8 19. e3 h5 20. cxd5 exd5 21. Nd3 Rd7 22.
Nc5 Rh7 23. Bxd5+ Kh8 24. Nxb7 Ne7 25. Bg2 c6 26. Na5 h4 27. Nxc6 hxg3 28. hxg3
Bxc6 29. Bxc6 Qh6 30. Bg2 Rf6 31. d5 Kg8 32. Qe5 Rd6 33. Rc7 Kf8 34. Rdc1 Qh2+
35. Kf1 Qh6 36. Ra7 f4 37. exf4 Qg6 38. Be4 Qh6 39. Rcc7 1-0

[Event "II Miedzynarodowy Festiwal Szachowy Kaszëbë Ôpen - Grupa A (FIDE > 1800)"]
[Site "Hala Sportowa Zespolu Szkol w Lipuszu, ul. Derdowskiego 7a"]
[Date "1899-12-30"]
[Round "6.4"]
[White "Kucharski, Krzysztof"]
[Black "Baginskaite, Kamile"]
[Result "0-1"]
[WhiteTitle "II+"]
[BlackTitle "WGM"]
[WhiteElo "1884"]
[BlackElo "2126"]

1. d4 Nf6 2. Nf3 e6 3. e3 b6 4. Bd3 Bb7 5. b3 Bb4+ 6. c3 Be7 7. Nbd2 c5 8. Bb2
Nc6 9. O-O O-O 10. a3 d5 11. c4 cxd4 12. Nxd4 Nxd4 13. Bxd4 Rc8 14. b4 dxc4 15.
Bxc4 Ne4 16. Nxe4 Rxc4 17. Nd2 Rc7 18. Qg4 Bf6 19. Bxf6 Qxf6 20. Nf3 Rfc8 21.
Nd4 Rc4 22. Qg3 h5 23. h3 h4 24. Qh2 e5 25. Nf3 Bxf3 26. gxf3 Qxf3 27. Qg2 Qf5
28. Kh2 Rc2 29. Kg1 R8c6 0-1

[Event "II Miedzynarodowy Festiwal Szachowy Kaszëbë Ôpen - Grupa A (FIDE > 1800)"]
[Site "Hala Sportowa Zespolu Szkol w Lipuszu, ul. Derdowskiego 7a"]
[Date "1899-12-30"]
[Round "7.1"]
[White "Chojnacki, Krzysztof"]
[Black "Putlak, Wojciech"]
[Result "1/2-1/2"]
[WhiteTitle "IM"]
[BlackTitle "I++"]
[WhiteElo "2386"]
[BlackElo "2031"]

1. d4 Nf6 2. c4 e6 3. Nc3 Bb4 4. f3 d5 5. a3 Bxc3+ 6. bxc3 O-O 7. cxd5 exd5 8.
e3 Re8 9. Bd3 b6 10. Ne2 Ba6 11. O-O Bxd3 12. Qxd3 c5 13. Ng3 Nc6 14. Bb2 Rc8
15. Rae1 Qd7 16. e4 dxe4 17. fxe4 cxd4 18. cxd4 Ne5 19. Qd1 Nc4 20. Bc1 Rcd8 21.
e5 Nd5 22. Nf5 Ne7 23. Nxe7+ Qxe7 24. Re4 Qe6 25. Qf3 Rd7 26. Rg4 b5 27. Qg3 g6
28. Rf6 Qd5 29. h4 Re6 30. Rf1 h5 31. Rgf4 Rb6 32. Kh1 a5 33. Qb3 b4 34. axb4
axb4 35. e6 Rxe6 36. Qxb4 Re8 37. Qc5 Qxc5 38. dxc5 Na5 39. Bb2 1/2-1/2

[Event "II Miedzynarodowy Festiwal Szachowy Kaszëbë Ôpen - Grupa A (FIDE > 1800)"]
[Site "Hala Sportowa Zespolu Szkol w Lipuszu, ul. Derdowskiego 7a"]
[Date "1899-12-30"]
[Round "7.2"]
[White "Baginskaite, Kamile"]
[Black "Schmidt, Wlodzimierz"]
[Result "1/2-1/2"]
[WhiteTitle "WGM"]
[BlackTitle "GM"]
[WhiteElo "2126"]
[BlackElo "2225"]

1. d4 Nf6 2. c4 g6 3. Nf3 Bg7 4. g3 d5 5. cxd5 Nxd5 6. Bg2 Nb6 7. O-O Nc6 8. e3
O-O 9. Nc3 Re8 10. Re1 a5 11. d5 Nb4 12. e4 c6 13. a3 Na6 14. dxc6 bxc6 15. Qc2
e5 16. Bg5 f6 17. Rad1 Qc7 18. Be3 Be6 19. Bf1 Bf8 20. Nb5 cxb5 21. Qxc7 Nxc7
22. Bxb6 Rec8 23. Rc1 Na6 24. Bxa5 Nc5 25. Bb4 Bc4 26. Bxc4+ bxc4 27. Bxc5 Rxc5
28. Re2 1/2-1/2

[Event "II Miedzynarodowy Festiwal Szachowy Kaszëbë Ôpen - Grupa A (FIDE > 1800)"]
[Site "Hala Sportowa Zespolu Szkol w Lipuszu, ul. Derdowskiego 7a"]
[Date "1899-12-30"]
[Round "7.3"]
[White "Sobolewski, Piotr"]
[Black "Kucharski, Krzysztof"]
[Result "1-0"]
[WhiteTitle "k"]
[BlackTitle "II+"]
[WhiteElo "1959"]
[BlackElo "1884"]

1. e4 Nf6 2. d3 e5 3. Nf3 Nc6 4. Be2 d5 5. Nbd2 Be7 6. O-O O-O 7. c3 Re8 8. Re1
b6 9. Bf1 Bf8 10. a3 Bb7 11. Qc2 a5 12. b3 Bc5 13. h3 Qd7 14. Bb2 dxe4 15. dxe4
Bf8 16. Rad1 Ba6 17. b4 Bxf1 18. Nxf1 Qe6 19. Ng5 Qe7 20. Ne3 g6 21. Nf3 Nd8 22.
Nd5 Nxd5 23. Rxd5 f6 24. Red1 Qe6 25. Bc1 Nb7 26. Nh2 Rad8 27. Ng4 c6 28. Rxd8
Rxd8 29. Rxd8 Nxd8 30. Qd1 Nb7 31. Qd7 Qxd7 32. Nxf6+ Kf7 33. Nxd7 axb4 34. cxb4
Nd6 35. Nxe5+ Ke6 36. Nxc6 Nxe4 37. Be3 Nd6 38. a4 Kd5 39. b5 Nc4 40. Kf1 Nb2
41. a5 bxa5 42. Nxa5 Bb4 43. Nc6 Bc5 44. Ke2 Nc4 45. Nb8 Nd6 46. Bxc5 Kxc5 47.
Nd7+ Kxb5 48. Nf8 Kc6 49. Nxh7 Kd5 50. Nf8 g5 51. Kf3 Ke5 52. Kg4 Nf7 53. Nh7
1-0

[Event "II Miedzynarodowy Festiwal Szachowy Kaszëbë Ôpen - Grupa A (FIDE > 1800)"]
[Site "Hala Sportowa Zespolu Szkol w Lipuszu, ul. Derdowskiego 7a"]
[Date "1899-12-30"]
[Round "7.4"]
[White "Malisauskas, Vidmantas"]
[Black "Cap, Piotr"]
[Result "1-0"]
[WhiteTitle "GM"]
[BlackTitle "I++"]
[WhiteElo "2403"]
[BlackElo "2039"]

1. d4 d5 2. c4 e6 3. Nf3 c6 4. g3 Nf6 5. Bg2 Nbd7 6. O-O a6 7. Nbd2 b5 8. b3 Bb7
9. Bb2 Be7 10. c5 O-O 11. b4 a5 12. a3 Qe8 13. Qc2 Bd8 14. e4 Nxe4 15. Nxe4 dxe4
16. Qxe4 Nf6 17. Qc2 Nd5 18. Bc3 Bf6 19. Rfe1 Qe7 20. Bd2 axb4 21. axb4 Rfd8 22.
h4 h6 23. Bf1 Qc7 24. Qe4 Ne7 25. Bd3 Ng6 26. h5 Nf8 27. Bf4 Qc8 28. Bd6 Rxa1
29. Rxa1 Rxd6 30. cxd6 c5 31. Qf4 Qc6 32. bxc5 Bxd4 33. Be4 Qxc5 34. Nxd4 e5 35.
Qc1 Qxd4 36. Bxb7 Qxd6 37. Ra8 1-0

[Event "II Miedzynarodowy Festiwal Szachowy Kaszëbë Ôpen - Grupa A (FIDE > 1800)"]
[Site "Hala Sportowa Zespolu Szkol w Lipuszu, ul. Derdowskiego 7a"]
[Date "1899-12-30"]
[Round "7.5"]
[White "Marszk, Kazimierz"]
[Black "Szopieraj, Dariusz"]
[Result "0-1"]
[WhiteTitle "k"]
[BlackTitle "k"]
[WhiteElo "1879"]
[BlackElo "2003"]

1. e4 c5 2. Nf3 d6 3. d4 cxd4 4. Nxd4 Nf6 5. Nc3 a6 6. Be2 e5 7. Nb3 Be7 8. O-O
Be6 9. f4 exf4 10. Bxf4 Nc6 11. Bf3 Ne5 12. Nd5 Bxd5 13. exd5 Ng6 14. Bg3 O-O
15. Nd4 Re8 16. Qd2 Bf8 17. Rae1 Qb6 18. b3 Ne5 19. Bf2 Neg4 20. c4 Nxf2 21. Qxf2
Re5 22. Bd1 Rae8 23. Nf3 Qxf2+ 24. Kxf2 Ng4+ 25. Kg1 Rxe1 26. Rxe1 Ne5 27. Kf1
g6 28. c5 f6 29. c6 bxc6 30. dxc6 Rc8 31. Nxe5 dxe5 32. Bf3 Kf7 33. Rd1 Rc7 34.
Rd5 Bb4 35. a3 Bxa3 36. Ra5 Bd6 37. Rxa6 f5 38. Bd5+ Ke7 39. Ke2 e4 40. h3 Kf6
41. Rb6 Ke5 42. Bg8 Kd4 43. b4 h5 44. Be6 Kc3 45. b5 Kd4 46. Bd7 Kc5 47. Rb8 Ra7
48. Rg8 Ra2+ 49. Kf1 Kd4 50. Rxg6 Ke3 51. g3 Kf3 52. Kg1 Ra1+ 53. Kh2 h4 0-1

[Event "II Miedzynarodowy Festiwal Szachowy Kaszëbë Ôpen - Grupa A (FIDE > 1800)"]
[Site "Hala Sportowa Zespolu Szkol w Lipuszu, ul. Derdowskiego 7a"]
[Date "1899-12-30"]
[Round "8.1"]
[White "Putlak, Wojciech"]
[Black "Szopieraj, Dariusz"]
[Result "1-0"]
[WhiteTitle "I++"]
[BlackTitle "k"]
[WhiteElo "2031"]
[BlackElo "2003"]

1. d4 Nf6 2. c4 c5 3. d5 e6 4. Nc3 exd5 5. cxd5 d6 6. e4 g6 7. f3 Bg7 8. Be3 O-O
9. Qd2 Re8 10. Nge2 a6 11. a4 Nbd7 12. Nc1 Ne5 13. Be2 Rb8 14. a5 b5 15. axb6
Qxb6 16. b4 Ned7 17. bxc5 Nxc5 18. Rb1 Qc7 19. Rxb8 Qxb8 20. O-O Nfd7 21. N3a2
Nb3 22. Nxb3 Qxb3 23. Nc1 Qa3 24. Nd3 Bc3 25. Qc1 Qa5 26. Kf2 Bb7 27. Qc2 f5 28.
Nb2 f4 29. Nc4 fxe3+ 30. Kg1 Qb4 31. Rb1 a5 32. Rxb4 Bxb4 33. Qa4 Nf6 34. Nxa5
Bxa5 35. Qxa5 Rc8 36. Qa3 Ra8 37. Qxe3 Ra1+ 38. Kf2 Ra2 39. Qb3 1-0

[Event "II Miedzynarodowy Festiwal Szachowy Kaszëbë Ôpen - Grupa A (FIDE > 1800)"]
[Site "Hala Sportowa Zespolu Szkol w Lipuszu, ul. Derdowskiego 7a"]
[Date "1899-12-30"]
[Round "8.2"]
[White "Cap, Piotr"]
[Black "Marszk, Kazimierz"]
[Result "0-1"]
[WhiteTitle "I++"]
[BlackTitle "k"]
[WhiteElo "2039"]
[BlackElo "1879"]

1. d4 Nf6 2. Bg5 d5 3. Bxf6 exf6 4. e3 Be6 5. Nf3 Bd6 6. Nbd2 Nd7 7. c4 c6 8. Bd3
dxc4 9. Bxc4 Qe7 10. O-O O-O 11. Qc2 Rad8 12. Rac1 Rfe8 13. Rfe1 Nf8 14. a4 Bb4
15. Rf1 a5 16. Bxe6 Nxe6 17. Nb3 Rd5 18. Rfd1 Ng5 19. Nxg5 fxg5 20. Qe2 g6 21.
Rc4 h5 22. Rdc1 g4 23. Nc5 b5 24. R4c2 Rxd4 25. axb5 Rd5 26. Nd3 cxb5 27. Nf4
Rf5 28. Qd3 Bd6 29. Ne2 Bxh2+ 30. Kxh2 Qh4+ 31. Kg1 Qxf2+ 32. Kh1 Qh4+ 33. Kg1
g3 34. Nxg3 Qxg3 35. Rc8 Rxc8 36. Rxc8+ Kg7 37. Qd8 Qxe3+ 38. Kh2 Qe5+ 39. Kh3
Kh6 40. Qf8+ Qg7 41. Qd8 Qxb2 42. Qxa5 Rf1 43. Qa8 Rh1+ 44. Kg3 Qe5+ 45. Kf2 Qe1+
0-1

[Event "II Miedzynarodowy Festiwal Szachowy Kaszëbë Ôpen - Grupa A (FIDE > 1800)"]
[Site "Hala Sportowa Zespolu Szkol w Lipuszu, ul. Derdowskiego 7a"]
[Date "1899-12-30"]
[Round "8.3"]
[White "Kucharski, Krzysztof"]
[Black "Malisauskas, Vidmantas"]
[Result "0-1"]
[WhiteTitle "II+"]
[BlackTitle "GM"]
[WhiteElo "1884"]
[BlackElo "2403"]

1. e4 c5 2. d4 cxd4 3. c3 Nf6 4. e5 Nd5 5. Nf3 e6 6. Bc4 d6 7. cxd4 Nb6 8. Bb3
dxe5 9. dxe5 Qxd1+ 10. Bxd1 Nd5 11. Bd2 Nc6 12. a3 Bd7 13. O-O Bc5 14. Nc3 Nxc3
15. Bxc3 Ne7 16. Bd4 Bxd4 17. Nxd4 Nc6 18. Nxc6 Bxc6 19. Bb3 Ke7 20. Rfd1 g5 21.
f3 a5 22. Rac1 a4 23. Bc2 Ra5 24. Re1 h6 25. Kf1 Rd8 26. Be4 Rxe5 27. Bxc6 Rxe1+
28. Kxe1 Rc8 29. Kd2 Rxc6 30. Rxc6 bxc6 31. Kc3 Kd6 32. Kb4 Kd5 33. Kxa4 Kc4 34.
b3+ Kc3 35. b4 f5 36. b5 cxb5+ 37. Kxb5 e5 38. a4 e4 39. fxe4 fxe4 40. a5 e3 41.
a6 e2 42. a7 e1=Q 43. a8=Q Qe5+ 44. Kb6 Qd6+ 45. Qc6+ Qxc6+ 46. Kxc6 Kd4 47. Kd6
Ke3 48. Ke5 Kf2 49. g3 Kg2 50. Ke4 Kxh2 51. Kf3 Kh3 52. Kf2 g4 0-1

[Event "II Miedzynarodowy Festiwal Szachowy Kaszëbë Ôpen - Grupa A (FIDE > 1800)"]
[Site "Hala Sportowa Zespolu Szkol w Lipuszu, ul. Derdowskiego 7a"]
[Date "1899-12-30"]
[Round "8.4"]
[White "Schmidt, Wlodzimierz"]
[Black "Sobolewski, Piotr"]
[Result "1/2-1/2"]
[WhiteTitle "GM"]
[BlackTitle "k"]
[WhiteElo "2225"]
[BlackElo "1959"]

1. d4 e6 2. c4 f5 3. Nf3 Nf6 4. g3 Be7 5. Bg2 O-O 6. O-O Ne4 7. Nbd2 Bf6 8. Nxe4
fxe4 9. Ne5 d5 10. Ng4 Be7 11. Bf4 Nc6 12. e3 a5 13. Rc1 Bd7 14. f3 dxc4 15. fxe4
b5 16. a3 Bg5 17. h4 Bxf4 18. exf4 Ne7 19. Ne3 c6 20. Qe2 Qb6 21. Rcd1 Rad8 22.
Rd2 Bc8 23. Rfd1 Rfe8 24. Kh2 Ba6 25. Bh3 Ng6 26. h5 Nf8 27. e5 h6 28. f5 1/2-1/2

[Event "II Miedzynarodowy Festiwal Szachowy Kaszëbë Ôpen - Grupa A (FIDE > 1800)"]
[Site "Hala Sportowa Zespolu Szkol w Lipuszu, ul. Derdowskiego 7a"]
[Date "1899-12-30"]
[Round "8.5"]
[White "Chojnacki, Krzysztof"]
[Black "Baginskaite, Kamile"]
[Result "1-0"]
[WhiteTitle "IM"]
[BlackTitle "WGM"]
[WhiteElo "2386"]
[BlackElo "2126"]

1. d4 Nf6 2. c4 e6 3. Nc3 Bb4 4. f3 c5 5. d5 b5 6. e4 O-O 7. Nh3 exd5 8. cxd5 d6
9. Nf2 a6 10. Be2 Re8 11. O-O Nbd7 12. Qc2 Ne5 13. Kh1 c4 14. f4 Neg4 15. Bxg4
Nxg4 16. Nxg4 Bxg4 17. f5 Qh4 18. Be3 f6 19. Rf4 Bc5 20. Bxc5 dxc5 21. h3 h5 22.
Raf1 Kf7 23. Kg1 Rh8 24. Qf2 Qg5 25. hxg4 hxg4 26. Qg3 1-0

[Event "II Miedzynarodowy Festiwal Szachowy Kaszëbë Ôpen - Grupa A (FIDE > 1800)"]
[Site "Hala Sportowa Zespolu Szkol w Lipuszu, ul. Derdowskiego 7a"]
[Date "1899-12-30"]
[Round "9.1"]
[White "Baginskaite, Kamile"]
[Black "Putlak, Wojciech"]
[Result "0-1"]
[WhiteTitle "WGM"]
[BlackTitle "I++"]
[WhiteElo "2126"]
[BlackElo "2031"]

1. d4 Nf6 2. c4 e6 3. g3 Bb4+ 4. Bd2 Bxd2+ 5. Qxd2 O-O 6. Bg2 d6 7. Nf3 Nbd7 8.
Nc3 Re8 9. O-O a6 10. Rfd1 Qe7 11. Rac1 Rb8 12. b4 b6 13. e4 e5 14. Nd5 Qd8 15.
Qc2 c6 16. Ne3 Qc7 17. c5 dxc5 18. dxe5 Nxe5 19. Nxe5 Qxe5 20. Nc4 Qh5 21. Nd6
Re7 22. Nxc8 Rxc8 23. bxc5 b5 24. f4 a5 25. e5 Ne8 26. Qe4 a4 27. a3 g6 28. h3
Qh6 29. g4 Ng7 30. Rd6 Ne8 31. Rcd1 Qf8 32. Rd8 Rec7 33. Qe3 Qe7 34. Rxc8 Rxc8
35. f5 Rc7 36. Rd6 Rc8 37. Rxc6 Rxc6 38. Bxc6 Nc7 39. Qd4 Qg5 40. Be4 h5 41. e6
fxe6 42. f6 Ne8 43. c6 hxg4 44. hxg4 Qxg4+ 45. Kf2 Qf4+ 46. Ke2 b4 47. axb4 a3
48. f7+ Qxf7 49. Bb1 Qc7 50. Qc4 Qe5+ 51. Kf3 Nc7 52. Qe4 Qxe4+ 53. Kxe4 Kf7 54.
Kd4 g5 55. Kc3 g4 56. Kb3 g3 57. Be4 Nb5 58. c7 Nxc7 59. Kxa3 Kf6 60. Kb3 Ke5
61. Bh1 Kd4 62. Kc2 Ke3 63. Kc3 e5 64. Kc4 e4 65. Bg2 Ne8 66. Kc5 Nf6 67. b5 Kf2
68. Bh3 Nd7+ 69. Bxd7 g2 70. b6 g1=Q 71. b7 Qg3 0-1

[Event "II Miedzynarodowy Festiwal Szachowy Kaszëbë Ôpen - Grupa A (FIDE > 1800)"]
[Site "Hala Sportowa Zespolu Szkol w Lipuszu, ul. Derdowskiego 7a"]
[Date "1899-12-30"]
[Round "9.2"]
[White "Sobolewski, Piotr"]
[Black "Chojnacki, Krzysztof"]
[Result "1/2-1/2"]
[WhiteTitle "k"]
[BlackTitle "IM"]
[WhiteElo "1959"]
[BlackElo "2386"]

1. e4 d6 2. g3 Nf6 3. Bg2 g6 4. c4 Bg7 5. Nc3 O-O 6. Nge2 c5 7. O-O Nc6 8. h3 a6
9. d3 Ne8 10. Be3 Nd4 11. f4 Rb8 12. Qd2 e6 13. Rae1 b5 14. b3 Qa5 15. Nxd4 cxd4
16. Ne2 Qb6 1/2-1/2

[Event "II Miedzynarodowy Festiwal Szachowy Kaszëbë Ôpen - Grupa A (FIDE > 1800)"]
[Site "Hala Sportowa Zespolu Szkol w Lipuszu, ul. Derdowskiego 7a"]
[Date "1899-12-30"]
[Round "9.3"]
[White "Malisauskas, Vidmantas"]
[Black "Schmidt, Wlodzimierz"]
[Result "1/2-1/2"]
[WhiteTitle "GM"]
[BlackTitle "GM"]
[WhiteElo "2403"]
[BlackElo "2225"]

1. d4 Nf6 2. c4 g6 3. Nc3 d5 4. cxd5 Nxd5 5. e4 Nxc3 6. bxc3 Bg7 7. Bc4 c5 8. Ne2
Nc6 9. Be3 O-O 10. O-O e6 11. Rc1 b6 12. dxc5 Ne5 13. Bb5 a6 14. Ba4 b5 15. Bb3
Bb7 16. f3 Rc8 17. Nd4 Qe7 18. c4 bxc4 19. Bxc4 Rxc5 20. Be2 Rxc1 21. Qxc1 Rc8
22. Qb2 Nc4 23. Bxc4 Rxc4 24. Rb1 Qd7 25. Qxb7 1/2-1/2

[Event "II Miedzynarodowy Festiwal Szachowy Kaszëbë Ôpen - Grupa A (FIDE > 1800)"]
[Site "Hala Sportowa Zespolu Szkol w Lipuszu, ul. Derdowskiego 7a"]
[Date "1899-12-30"]
[Round "9.4"]
[White "Marszk, Kazimierz"]
[Black "Kucharski, Krzysztof"]
[Result "1/2-1/2"]
[WhiteTitle "k"]
[BlackTitle "II+"]
[WhiteElo "1879"]
[BlackElo "1884"]

1. e4 e6 2. d4 d5 3. Nd2 Nf6 4. e5 Nfd7 5. f4 c5 6. c3 Nc6 7. Ndf3 cxd4 8. cxd4
Bb4+ 9. Bd2 Qb6 10. Bc3 O-O 11. Ne2 f6 12. exf6 Nxf6 13. Ng3 1/2-1/2

[Event "II Miedzynarodowy Festiwal Szachowy Kaszëbë Ôpen - Grupa A (FIDE > 1800)"]
[Site "Hala Sportowa Zespolu Szkol w Lipuszu, ul. Derdowskiego 7a"]
[Date "1899-12-30"]
[Round "9.5"]
[White "Szopieraj, Dariusz"]
[Black "Cap, Piotr"]
[Result "1-0"]
[WhiteTitle "k"]
[BlackTitle "I++"]
[WhiteElo "2003"]
[BlackElo "2039"]

1. e4 d6 2. d4 c6 3. Nf3 Qc7 4. c4 e5 5. Nc3 Bg4 6. Be2 Nf6 7. O-O Be7 8. Be3 O-O
9. Rc1 Nbd7 10. b3 Rfe8 11. d5 c5 12. h3 Bh5 13. Qc2 a6 14. a4 Nf8 15. Rfe1 h6
16. Nh2 Bg6 17. Bf3 N6h7 18. g3 Bg5 19. h4 Bxe3 20. Rxe3 Nf6 21. Qe2 Rab8 22.
Ng4 Nxg4 23. Bxg4 Bh7 24. Bh3 Qe7 25. Kh2 Nd7 26. Re1 Rf8 27. Qf3 Nf6 28. Bf5
g6 29. Bh3 Ne8 30. h5 Qg5 31. hxg6 fxg6 32. Qg4 Qxg4 33. Bxg4 Nc7 34. a5 b6 35.
axb6 Rxb6 36. Na4 Rb4 37. Rc3 g5 38. f3 Kg7 39. Ra1 Rfb8 40. Ra3 Bg6 41. Bd7 h5
42. g4 Kf6 43. Nb2 Rd8 44. Bf5 Bxf5 45. gxf5 Rg8 46. Nd3 Rb6 47. Nf2 Ke7 48. Kg3
Ne8 49. Rc1 Nf6 50. Rca1 Rgb8 51. Rxa6 Rxb3 52. Ra7+ Kf8 53. Kg2 g4 54. fxg4 hxg4
55. Rh1 R8b7 56. Rxb7 Rxb7 57. Kg3 Rb4 58. Rh6 Ke7 59. Nxg4 Nxe4+ 60. Kh4 Rxc4
61. Kh5 Rd4 62. f6+ Nxf6+ 63. Nxf6 c4 64. Kg6 Kd8 65. Kf5 Kc7 66. Ke6 c3 67. Rh7+
Kb6 68. Kxd6 Rc4 69. Rh1 c2 70. Rc1 e4 71. Nxe4 Rxe4 72. Rxc2 Kb7 73. Kd7 Rh4
74. Rb2+ Ka7 75. d6 Rh7+ 76. Kc8 Rh8+ 77. Kc7 Ka6 78. d7 Rh7 79. Kc8 1-0